<?xml version="1.0" encoding="UTF-8"?><?xml-stylesheet type="text/xsl" href="static/style.xsl"?><OAI-PMH xmlns="http://www.openarchives.org/OAI/2.0/" xmlns:xsi="http://www.w3.org/2001/XMLSchema-instance" xsi:schemaLocation="http://www.openarchives.org/OAI/2.0/ http://www.openarchives.org/OAI/2.0/OAI-PMH.xsd"><responseDate>2026-04-17T01:00:32Z</responseDate><request verb="GetRecord" identifier="oai:www.recercat.cat:2445/54325" metadataPrefix="marc">https://recercat.cat/oai/request</request><GetRecord><record><header><identifier>oai:recercat.cat:2445/54325</identifier><datestamp>2025-12-05T04:22:31Z</datestamp><setSpec>com_2072_1057</setSpec><setSpec>col_2072_478809</setSpec><setSpec>col_2072_478917</setSpec></header><metadata><record xmlns="http://www.loc.gov/MARC21/slim" xmlns:dcterms="http://purl.org/dc/terms/" xmlns:xsi="http://www.w3.org/2001/XMLSchema-instance" xmlns:doc="http://www.lyncode.com/xoai" xsi:schemaLocation="http://www.loc.gov/MARC21/slim http://www.loc.gov/standards/marcxml/schema/MARC21slim.xsd">
   <leader>00925njm 22002777a 4500</leader>
   <datafield ind2=" " ind1=" " tag="042">
      <subfield code="a">dc</subfield>
   </datafield>
   <datafield ind2=" " ind1=" " tag="720">
      <subfield code="a">Bernardos Domínguez, Gonzalo</subfield>
      <subfield code="e">author</subfield>
   </datafield>
   <datafield ind2=" " ind1=" " tag="260">
      <subfield code="c">2014-05-21T14:26:14Z</subfield>
   </datafield>
   <datafield ind2=" " ind1=" " tag="260">
      <subfield code="c">2014-05-21T14:26:14Z</subfield>
   </datafield>
   <datafield ind2=" " ind1=" " tag="260">
      <subfield code="c">1995-07-31</subfield>
   </datafield>
   <datafield ind2=" " ind1=" " tag="260">
      <subfield code="c">2014-05-21T14:26:14Z</subfield>
   </datafield>
   <datafield ind2=" " ind1=" " tag="520">
      <subfield code="a">Para la mayoría de los economistas, la firma del acuerdo final de la Ronda Uruguay en abril de 1994 en Marrakech (Marruecos) comporta una sustancial mejora en las perspectivas referentes a las relaciones comerciales entre los distintos países. Esta mejora tiene como base la liberalización comercial que suponen los acuerdos alcanzados y, en especial, la creación de una nueva institución: la Organización Mundial de Comercio (OMC). La OMC tiene como objetivo recoger el testigo del Acuerdo General sobre Aranceles y Comercio (GATT) en la defensa de un sistema de comercio más libre, transparente y multilateral (Sutherland, 1994). Su creación significa la adecuación al siglo XXI de los acuerdos de Bretton Woods1 concernientes al ámbito comercial que, durante los últimos 50 años, con mayor o menor éxito han regido las relaciones comerciales de carácter multilateral entre las diferentes naciones. Además, en un mundo donde el declive del GATT, desde principios de la década de los ochenta, ha conllevado la proliferación de áreas regionales de comercio, la OMC constituye un elemento imprescindible para hacer frente tanto a actitudes unilaterales que pretenden la realización de un comercio administrado como al incremento del proteccionismo en las transacciones interregionales.</subfield>
   </datafield>
   <datafield tag="653" ind2=" " ind1=" ">
      <subfield code="a">Lliure comerç</subfield>
   </datafield>
   <datafield tag="653" ind2=" " ind1=" ">
      <subfield code="a">Proteccionisme</subfield>
   </datafield>
   <datafield tag="653" ind2=" " ind1=" ">
      <subfield code="a">Liberalisme</subfield>
   </datafield>
   <datafield tag="653" ind2=" " ind1=" ">
      <subfield code="a">Aranzels de duanes</subfield>
   </datafield>
   <datafield tag="653" ind2=" " ind1=" ">
      <subfield code="a">Política comercial</subfield>
   </datafield>
   <datafield tag="653" ind2=" " ind1=" ">
      <subfield code="a">Free trade</subfield>
   </datafield>
   <datafield tag="653" ind2=" " ind1=" ">
      <subfield code="a">Protectionism</subfield>
   </datafield>
   <datafield tag="653" ind2=" " ind1=" ">
      <subfield code="a">Liberalism</subfield>
   </datafield>
   <datafield tag="653" ind2=" " ind1=" ">
      <subfield code="a">Tariff</subfield>
   </datafield>
   <datafield tag="653" ind2=" " ind1=" ">
      <subfield code="a">Commercial policy</subfield>
   </datafield>
   <datafield ind2="0" ind1="0" tag="245">
      <subfield code="a">Pasado, presente y futuro: el GATT, las áreas de libre comercio y ¿la Organización Mundial del Comercio?</subfield>
   </datafield>
</record></metadata></record></GetRecord></OAI-PMH>